000 01103nam a2200289 i 4500
001 66563
003 ES-MaACL
005 20250803014910.0
007 t|
008 030703s2003 sp |||| | spa d
080 _a316.776.3(063)
080 _a364.65-053.9:351.84(063)
080 _a316.454.7(063)
111 2 _aJornada "La Sociedad Civil en el Siglo XXI" (
_d2002.
_cPalma de Mallorca)
_9769
245 1 3 _aLa sociedad civil en el siglo XXI
_b: jornada : Palma de Mallorca, 26 de septiembre de 2002.
260 _aMadrid :
_bFundación Independiente,
_c[2003]
300 _a150 p. ;
_c22 cm.
490 1 _aCuadernos de sociedad ;
_v27
500 _aTít. tomado de cub.
650 1 4 _aMedios de comunicación social-
_xAspectos sociales-
_vCongresos y asambleas.
_9167821
650 1 4 _aAncianos-
_xPolítica gubernamental-
_vCongresos y asambleas.
_99813
650 1 4 _aParticipación social-
_vCongresos y asambleas.
_9169248
710 2 _aFundación Independiente (Madrid)
_94325
830 0 _aCuadernos de sociedad ;
_v27
_9179224
852 _aES-MaACL
_jL-27065
999 _c66563
_d66563